000 00611nam a2200205 i 4500
001 bgj
245 0 0 _aRock movers and shakers /
_cedited by Barry Lazell with Dafydd Rees & Luke Crampton.
260 _aNew York :
_bBillboard Publication, Inc.,
_c1989.
300 _a560 pp :
_bphotos ;
_c24 cm.
650 9 _aRock musicians
_xBiographies
700 1 _aLAZELL, Barry.
_eed.
700 1 _aREES, Dafydd.
_eed.
700 1 _aCRAMPTON, Luke.
_eed.
020 _a0823076083 (pbk)
040 _cBPK
041 0 _aeng
920 _a0-8230-7608-3 (pbk)
942 _cKS
008 s uk f |000 0 eng
999 _c41359
_d41359
856 _uhttp://koha.tu.koszalin.pl/cgi-bin/koha/opac-detail.pl?biblionumber=41359
_yKatalog online BPK